Radici storiche dei racconti di fate (Le) (Record n. 65648)
[ formato base ]
| 000 -LEADER | |
|---|---|
| fixed length control field | 01275nam a2200361Ia 4500 |
| 001 - CONTROL NUMBER | |
| control field | 91125 |
| 003 - CONTROL NUMBER IDENTIFIER | |
| control field | IT-RoPAU |
| 008 - FIXED-LENGTH DATA ELEMENTS--GENERAL INFORMATION | |
| fixed length control field | 130308s9999 xx 000 0 und d |
| 040 ## - CATALOGING SOURCE | |
| Original cataloging agency | IT-RoPAU |
| 040 ## - CATALOGING SOURCE | |
| Transcribing agency | IT-RoPAU |
| 041 ## - LANGUAGE CODE | |
| Language code of text/sound track or separate title | ITALIANO |
| 999 ## - SYSTEM CONTROL NUMBERS (KOHA) | |
| Koha Dewey Subclass [OBSOLETE] | SI |
| 100 ## - MAIN ENTRY--PERSONAL NAME | |
| Personal name | Propp Vladimir Jakovlevic |
| 100 ## - MAIN ENTRY--PERSONAL NAME | |
| Miscellaneous information | Codice Aut. SPICS: 2316 |
| 240 ## - UNIFORM TITLE | |
| Uniform title | ISTORICESKIE KORNI VOLSEBNOJ SKAZKI |
| 240 ## - UNIFORM TITLE | |
| Miscellaneous information | Codice Tit. Orig. Spics: T0863 |
| 242 ## - TRANSLATION OF TITLE BY CATALOGING AGENCY | |
| Title | RACINES HISTORIQUES DU CONTE MERVEILLEUX (LES) |
| 242 ## - TRANSLATION OF TITLE BY CATALOGING AGENCY | |
| Number of part/section of a work | Cod. Traduzione Titolo: 25427 |
| 242 ## - TRANSLATION OF TITLE BY CATALOGING AGENCY | |
| Language code of translated title | FRA |
| 245 ## - TITLE STATEMENT | |
| Title | Radici storiche dei racconti di fate (Le) |
| 245 ## - TITLE STATEMENT | |
| Remainder of title | Radici Storiche dei Racconti di Fate (Le) |
| 250 ## - EDITION STATEMENT | |
| Edition statement | 3a ed. |
| 260 ## - PUBLICATION, DISTRIBUTION, ETC. (IMPRINT) | |
| Place of publication, distribution, etc. | TORINO |
| 260 ## - PUBLICATION, DISTRIBUTION, ETC. (IMPRINT) | |
| Name of publisher, distributor, etc. | Boringhieri |
| 260 ## - PUBLICATION, DISTRIBUTION, ETC. (IMPRINT) | |
| Date of publication, distribution, etc. | 1989 [1° Ed.:1972 - Ed.Ling.Originale:1946] |
| 300 ## - PHYSICAL DESCRIPTION | |
| Extent | "582 p. (prefazione: 4; testo: 578)" |
| 500 ## - GENERAL NOTE | |
| General note | Intreccio Sventura e reazione foresta misteriosa Grande Casa doni Fatati Traghetto Sul fiume di fuoco Oltre le terre Lontane sposa Racconto di Fate Come complesso serpente nel Racconto di Fate Avvento dell'Eroe al trono fuga magica Introduzione di Alberto Cirese Bibliografia |
| 650 ## - SUBJECT ADDED ENTRY--TOPICAL TERM | |
| Topical term or geographic name as entry element | LINGUISTICA |
| 650 ## - SUBJECT ADDED ENTRY--TOPICAL TERM | |
| Relator term | Codice materia Spics: 3201 |
| 942 ## - ADDED ENTRY ELEMENTS (KOHA) | |
| Koha item type | LIBRO |
| 957 ## - | |
| -- | 1 |
| 999 ## - SYSTEM CONTROL NUMBERS (KOHA) | |
| -- | 1 |
| Withdrawn status | Lost status | Damaged status | Not for loan | Home library | Current library | Date acquired | Total Checkouts | Full call number | Date last seen | Price effective from | Koha item type | Public note |
|---|---|---|---|---|---|---|---|---|---|---|---|---|
| Buone Condizioni | Not For Loan | SPICS-MEDIATECA | SPICS-MEDIATECA | 08/03/2013 | 91125 | 08/03/2013 | 08/03/2013 | LIBRO | Progressivo inserimento: 2859 / N. Volumi: 1 Copie: 1 Copia Rara: SI / data import: 1 marzo 2013 - By Epidotti, Trombetti, Vaglietti. |